[Event "IV Festival Marche Estate B"]
[Site "Falconara Marittima ITA"]
[Date "2007.07.19"]
[Round "4"]
[White "Schingaro, Angelo"]
[Black "Pazzini, Elia"]
[Result "0-1"]
[WhiteElo "1694"]
[BlackElo "1716"]
[PlyCount "96"]
[EventDate "2007.07.16"]

1. e4 e5 2. Nf3 Nc6 3. d4 exd4 4. Nxd4 Nf6 5. Nxc6 bxc6 6. e5 Qe7 7. Qe2 Nd5 8.
c4 Ba6 9. g3 g6 10. b3 Bg7 11. Bb2 O-O 12. Bg2 Rfe8 13. O-O Nb6 14. Re1 Qc5 15.
Qe3 Qxe3 16. Rxe3 Bxc4 17. Nd2 Bd5 18. Rae1 Bxg2 19. Kxg2 d6 20. Nf3 c5 21. h4
h6 22. Bc3 Nd5 23. Rd3 Nxc3 24. Rxc3 Re7 25. Rc4 Kf8 26. g4 a6 27. Kg3 Rae8 28.
exd6 cxd6 29. Rxe7 Kxe7 30. Re4+ Kd7 31. Rxe8 Kxe8 32. Kf4 Ke7 33. Ke4 Ke6 34.
Kd3 d5 35. Nd2 f5 36. g5 hxg5 37. hxg5 f4 38. Nf3 Kf5 39. b4 c4+ 40. Kd2 Kg4
41. Ne1 Kxg5 42. a4 Kf5 43. b5 axb5 44. axb5 Ke6 45. Nc2 Kd6 46. b6 Kc6 47. b7
Be5 48. f3 d4 0-1

[Event "IV Festival Marche Estate B"]
[Site "Falconara Marittima ITA"]
[Date "2007.07.21"]
[Round "6"]
[White "Schingaro, Angelo"]
[Black "Marasco, Vito"]
[Result "0-1"]
[WhiteElo "1694"]
[BlackElo "1440"]
[PlyCount "44"]
[EventDate "2007.07.16"]

1. e4 c5 2. Nf3 Nc6 3. d4 cxd4 4. Nxd4 Nf6 5. Nc3 d6 6. Bg5 e6 7. f4 Be7 8.
Ndb5 O-O 9. Qf3 a6 10. Na3 b5 11. Naxb5 Rb8 12. Na3 Nd4 13. Qd3 e5 14. fxe5
dxe5 15. Nc4 Qc7 16. b3 Rd8 17. Bxf6 Bxf6 18. Nd5 Rxd5 19. exd5 Bf5 20. Qc3
Nxc2+ 21. Kf2 e4 22. d6 Qc5+ 0-1

[Event "Memorial Aldo Basile B"]
[Site "Napoli ITA"]
[Date "2007.06.07"]
[Round "1"]
[White "Isoldo, Salvatore"]
[Black "De Meo, Guido"]
[Result "0-1"]
[WhiteElo "1600"]
[BlackElo "1784"]
[PlyCount "102"]
[EventDate "2007.06.07"]

1. e4 c5 2. Nf3 d6 3. d4 cxd4 4. Nxd4 Nf6 5. Nc3 a6 6. Bc4 b5 7. Bd5 Nxd5 8.
Nxd5 Bb7 9. f3 e6 10. Ne3 Be7 11. O-O O-O 12. c4 bxc4 13. Nxc4 d5 14. exd5 Bxd5
15. Ne5 Qb6 16. Kh1 Rd8 17. Qa4 f6 18. Ng4 Nd7 19. Ne3 Rac8 20. Ne2 Rxc1 21.
Raxc1 Qxe3 22. Ng3 Qa7 23. Nh5 Ne5 24. Nf4 Qb7 25. Nxd5 exd5 26. b3 Nd3 27. Rc2
Nc5 28. Qd4 Ne6 29. Qg4 Qd7 30. Re1 Nf8 31. Qxd7 Rxd7 32. Rc8 Kf7 33. Rc6 a5
34. Rd1 d4 35. Ra6 Bc5 36. a3 Bxa3 37. Rxa5 Bb2 38. Rd3 Ne6 39. g3 Rc7 40. b4
Rb7 41. b5 Nc5 42. Rd1 Bc3 43. Ra8 Rxb5 44. Rc1 Nd3 45. Rf1 Nb2 46. Rb1 d3 47.
Rc8 Bd4 48. Rd8 Rb4 49. Rxb2 Rxb2 50. Rxd4 d2 51. Kg1 Rb1+ 0-1

[Event "Memorial Aldo Basile B"]
[Site "Napoli ITA"]
[Date "2007.06.14"]
[Round "2"]
[White "Borrelli, Salvatore"]
[Black "D'Errico, Francesco"]
[Result "1-0"]
[WhiteElo "1617"]
[BlackElo "1667"]
[PlyCount "59"]
[EventDate "2007.06.07"]

1. f4 d5 2. Nf3 Nf6 3. e3 Bg4 4. Be2 e6 5. O-O c6 6. b3 Nbd7 7. Bb2 Be7 8. d3
O-O 9. Nbd2 Qb6 10. d4 a5 11. c4 Bxf3 12. Bxf3 Qc7 13. c5 Ne8 14. a3 g6 15. g4
Ng7 16. Qe1 f5 17. g5 b6 18. b4 bxc5 19. dxc5 Rfb8 20. Nb3 axb4 21. axb4 Bf8
22. Qc3 Kf7 23. Be2 Rxa1 24. Rxa1 Re8 25. b5 cxb5 26. Bxb5 Rb8 27. Bxd7 Qxd7
28. c6 Qc8 29. Qf6+ Kg8 30. Ra7 1-0

[Event "Memorial Aldo Basile B"]
[Site "Napoli ITA"]
[Date "2007.06.14"]
[Round "2"]
[White "Caporali, Dante"]
[Black "Bellame, Nestore"]
[Result "1-0"]
[WhiteElo "1595"]
[BlackElo "1565"]
[PlyCount "111"]
[EventDate "2007.06.07"]

1. d4 d5 2. c4 e6 3. Nc3 Nf6 4. Bg5 Be7 5. e3 O-O 6. Nf3 Nc6 7. cxd5 exd5 8.
Rc1 a6 9. Bd3 h6 10. Bh4 Be6 11. O-O Rc8 12. Bb1 Qd7 13. a3 Bg4 14. Bxf6 Bxf6
15. Qc2 g6 16. Nd2 Rfe8 17. Ba2 Ne7 18. b4 Bf5 19. Qd1 Bg4 20. Qb3 c6 21. Na4
Rc7 22. Nc5 Qf5 23. f3 Bh5 24. Bb1 Qg5 25. Rce1 Bxd4 26. exd4 Qxd2 27. g4 Qxd4+
28. Qe3 Qxe3+ 29. Rxe3 Bxg4 30. fxg4 Rb8 31. Rfe1 Kf8 32. h4 Ng8 33. Bxg6 Ne7
34. Bd3 Ra8 35. Rf1 Kg7 36. Ref3 Nc8 37. Rf6 Re7 38. Kg2 Nb6 39. R6f3 Rae8 40.
Kg3 Nc8 41. a4 Nd6 42. R1f2 Re1 43. Nxb7 Ne4+ 44. Bxe4 R8xe4 45. Rxf7+ Kg8 46.
Nd6 R4e3+ 47. R2f3 Rxf3+ 48. Rxf3 Re6 49. Nf5 Kh7 50. Re3 Rf6 51. Re7+ Kg8 52.
Ra7 h5 53. Rxa6 hxg4 54. Kxg4 Kf7 55. Ra7+ Ke6 56. Re7# 1-0

[Event "Memorial Aldo Basile B"]
[Site "Napoli ITA"]
[Date "2007.06.14"]
[Round "2"]
[White "Franzese, Luigi"]
[Black "Di Gennaro, Antonio"]
[Result "0-1"]
[WhiteElo "1655"]
[BlackElo "1574"]
[PlyCount "68"]
[EventDate "2007.06.07"]

1. Nf3 Nf6 2. c4 b6 3. g3 Bb7 4. Bg2 e6 5. O-O Be7 6. Nc3 O-O 7. d4 Ne4 8. Qc2
Nxc3 9. bxc3 f5 10. a4 Be4 11. Qb3 Nc6 12. Ba3 Na5 13. Bxe7 Nxb3 14. Bxd8 Nxa1
15. Bxc7 Nb3 16. Bd6 Rfc8 17. Ne5 Bxg2 18. Kxg2 Nd2 19. Rd1 Nxc4 20. Bb4 Nxe5
21. dxe5 a5 22. Be7 Ra7 23. Rd3 Rc4 24. Bg5 Rb7 25. Be3 Rxa4 26. Rd2 Rc4 27.
Bd4 a4 28. Rb2 b5 29. Rb4 a3 30. Rb1 b4 31. e3 b3 32. Kf3 a2 33. Ra1 b2 34.
Rxa2 b1=Q 0-1

[Event "Memorial Aldo Basile B"]
[Site "Napoli ITA"]
[Date "2007.06.14"]
[Round "2"]
[White "Giglio, Achille"]
[Black "Lombardo, Claudio"]
[Result "0-1"]
[WhiteElo "1720"]
[BlackElo "1721"]
[PlyCount "132"]
[EventDate "2007.06.07"]

1. e4 c5 2. Nf3 e6 3. d4 cxd4 4. Nxd4 Nf6 5. Bd3 d6 6. O-O Qc7 7. Nc3 a6 8. Be3
Bd7 9. Kh1 Nc6 10. Nce2 Be7 11. Rc1 Ng4 12. Ng3 Nxe3 13. fxe3 Bf6 14. c3 Ne5
15. Bb1 Nc4 16. Qe2 Ne5 17. Nh5 Bg5 18. Nxg7+ Ke7 19. b3 Rag8 20. Nh5 Rg6 21.
c4 Qc5 22. Rf2 Rf8 23. h3 Rh6 24. g4 Nc6 25. Rd1 e5 26. Nf5+ Bxf5 27. exf5 Qxe3
28. f6+ Kd7 29. Qf1 Qc5 30. Rd5 Qb4 31. c5 Be3 32. Rxd6+ Kc7 33. Rc2 Bxc5 34.
Rd5 Qe4+ 35. Qg2 Qxg2+ 36. Kxg2 Bd4 37. a4 Rg8 38. Kf3 Rd8 39. Rxd8 Kxd8 40.
Rd2 Kc7 41. Be4 Nd8 42. Bf5 Kd6 43. Ke4 Ne6 44. Bxe6 Kxe6 45. Rc2 Kd7 46. Kf5
a5 47. Rd2 Kc6 48. Rc2+ Kd7 49. Rc4 b6 50. b4 axb4 51. Rxb4 Rg6 52. Rb5 Rg8 53.
a5 Kc6 54. Rxb6+ Bxb6 55. axb6 Kxb6 56. Kxe5 Rd8 57. Nf4 Kc6 58. Kf5 Rg8 59. h4
Kd6 60. Nh3 Ra8 61. Kg5 Ke5 62. Kh6 Kxf6 63. Kxh7 Ra3 64. Ng5 Ra4 65. Nxf7 Kxf7
66. g5 Rxh4# 0-1

[Event "Memorial Aldo Basile B"]
[Site "Napoli ITA"]
[Date "2007.06.14"]
[Round "2"]
[White "Perelli, Giuseppe"]
[Black "Cicero, Leonardo"]
[Result "0-1"]
[WhiteElo "1404"]
[BlackElo "1326"]
[PlyCount "110"]
[EventDate "2007.06.07"]

1. d4 d5 2. c4 e6 3. cxd5 exd5 4. Nc3 Nf6 5. Nf3 Nc6 6. g3 Bf5 7. Bg2 Be7 8.
O-O O-O 9. Bg5 h6 10. Bf4 a6 11. Ne5 Bd6 12. Nxd5 Bxe5 13. dxe5 Ne4 14. f3 Nc5
15. e4 Be6 16. Rc1 Nd7 17. Qd2 Bxd5 18. exd5 Ncxe5 19. Rfe1 c6 20. Bxe5 Nxe5
21. Rxe5 Qd6 22. f4 Rae8 23. Rce1 Rxe5 24. Rxe5 Rd8 25. Qd3 Qc5+ 26. Kh1 Qc1+
27. Bf1 cxd5 28. Qe2 Kf8 29. Qf2 d4 30. Re1 Qc6+ 31. Bg2 Qd7 32. Rd1 d3 33.
Qc5+ Kg8 34. Bd5 Qxd5+ 35. Qxd5 Rxd5 36. Rd2 f5 37. Kg2 Kf7 38. Kf2 Ke6 39. Kf3
Rd4 40. Ke3 Kd5 41. Rxd3 Rxd3+ 42. Kxd3 g6 43. h4 h5 44. Ke3 a5 45. a4 Kc4 46.
Kd2 Kb3 47. Kd3 Kxa4 48. Kc4 b5+ 49. Kc3 b4+ 50. Kc2 Kb5 51. b3 Kc5 52. Kd3 Kb5
53. Kc2 a4 54. bxa4+ Kxa4 55. Kb2 b3 0-1

[Event "Memorial Aldo Basile B"]
[Site "Napoli ITA"]
[Date "2007.06.21"]
[Round "3"]
[White "D'Errico, Francesco"]
[Black "Caporali, Dante"]
[Result "1-0"]
[WhiteElo "1667"]
[BlackElo "1595"]
[PlyCount "129"]
[EventDate "2007.06.07"]

1. d4 Nf6 2. Nf3 e6 3. Bf4 c5 4. c3 cxd4 5. cxd4 Bb4+ 6. Nc3 Nd5 7. Bd2 Nxc3 8.
Bxc3 Bxc3+ 9. bxc3 Qa5 10. Qb3 d5 11. e3 Nc6 12. Bd3 O-O 13. O-O Rb8 14. c4
dxc4 15. Bxc4 Bd7 16. Rfc1 Rfc8 17. Ne1 b5 18. Bf1 Qb6 19. Nd3 a5 20. Nc5 Be8
21. Rab1 b4 22. Be2 Qd8 23. Bf3 h6 24. Rc2 Ne7 25. Rbc1 Nd5 26. Bxd5 exd5 27.
a3 Bb5 28. axb4 Bc4 29. Rxc4 dxc4 30. Rxc4 Rxb4 31. Rxb4 axb4 32. Qxb4 Rb8 33.
Qe1 Qb6 34. g3 Qb1 35. Qxb1 Rxb1+ 36. Kg2 Kf8 37. h4 Ke7 38. Kf3 Kd6 39. Ne4+
Ke6 40. Kf4 g6 41. f3 f5 42. Nc5+ Kd5 43. Nd3 Rb6 44. Ne5 Rf6 45. Nd7 Rf7 46.
Ne5 Rf6 47. g4 fxg4+ 48. Kxg4 Ke6 49. e4 Ke7 50. Kg3 h5 51. d5 Ra6 52. Kf4 Kf6
53. Nd7+ Ke7 54. Nc5 Rf6+ 55. Ke3 Rb6 56. e5 Rb5 57. d6+ Kd8 58. Ne6+ Kc8 59.
Ke4 Rb4+ 60. Nd4 Rb1 61. e6 Rh1 62. Kd5 Rxh4 63. d7+ Kc7 64. Nb5+ Kd8 65. Kd6
1-0

[Event "Memorial Aldo Basile B"]
[Site "Napoli ITA"]
[Date "2007.06.21"]
[Round "3"]
[White "Della Pietra, Antonio"]
[Black "Cicero, Leonardo"]
[Result "1-0"]
[WhiteElo "1611"]
[BlackElo "1326"]
[PlyCount "79"]
[EventDate "2007.06.07"]

1. e4 e5 2. Nf3 Nc6 3. d4 exd4 4. Nxd4 Bc5 5. Be3 Bxd4 6. Bxd4 Nxd4 7. Qxd4 Nf6
8. Bc4 O-O 9. O-O d6 10. Nc3 a6 11. Rad1 Bg4 12. f3 Bh5 13. Nd5 Nxd5 14. Qxd5
Bg6 15. Qxb7 Rb8 16. Qxa6 Rxb2 17. Bb3 Qf6 18. Qc6 Qe7 19. Qc3 Rxb3 20. cxb3
Qd7 21. Rf2 c6 22. Rfd2 h6 23. Rxd6 Qa7+ 24. Kh1 Qxa2 25. Qc4 Kh8 26. Rxc6 Ra8
27. h3 Qb2 28. Rcd6 Ra1 29. R6d2 Qe5 30. Qd5 Rxd1+ 31. Rxd1 Qb2 32. Qc4 Qf2 33.
b4 Qg3 34. b5 Bh5 35. Qd3 Qb8 36. Qd5 Bg6 37. Qc6 Qg3 38. b6 Bh5 39. Qc7 Bxf3
40. Qxg3 1-0

[Event "Memorial Aldo Basile B"]
[Site "Napoli ITA"]
[Date "2007.06.21"]
[Round "3"]
[White "Giglio, Achille"]
[Black "Perelli, Giuseppe"]
[Result "1-0"]
[WhiteElo "1720"]
[BlackElo "1404"]
[PlyCount "79"]
[EventDate "2007.06.07"]

1. e4 e6 2. d4 d5 3. Nd2 Nc6 4. c3 dxe4 5. Nxe4 g6 6. Nf3 Bg7 7. Bb5 Nge7 8.
O-O O-O 9. Re1 a6 10. Bd3 h6 11. Qc2 b5 12. a3 Bb7 13. Nc5 Na5 14. Nxb7 Nxb7
15. Be4 c6 16. Bf4 Nd5 17. Bg3 Re8 18. Rad1 Qe7 19. Ne5 Bxe5 20. dxe5 Kh7 21.
b4 Rad8 22. c4 bxc4 23. Qxc4 Qc7 24. Qxa6 Ra8 25. Qd3 Red8 26. Qb3 c5 27. Rc1
Qe7 28. Re2 cxb4 29. Bxd5 Rxa3 30. Qb2 Rxd5 31. Rec2 Qd7 32. h3 Rd1+ 33. Kh2
Rdd3 34. Rc7 Qa4 35. Rxb7 Rab3 36. Qe2 Rdc3 37. Rd1 Kg7 38. Rdd7 Rc8 39. Rxf7+
Kg8 40. Qe4 1-0

[Event "Memorial Aldo Basile B"]
[Site "Napoli ITA"]
[Date "2007.06.21"]
[Round "3"]
[White "Lombardo, Claudio"]
[Black "Borrelli, Salvatore"]
[Result "1/2-1/2"]
[WhiteElo "1721"]
[BlackElo "1617"]
[PlyCount "71"]
[EventDate "2007.06.07"]

1. d4 c6 2. c4 d5 3. cxd5 cxd5 4. Nf3 Nf6 5. Nc3 Bf5 6. e3 e6 7. Bb5+ Nc6 8.
Qa4 Qb6 9. Ne5 Rc8 10. Qb3 Ne4 11. Nxe4 Bxe4 12. O-O Bd6 13. Nxc6 bxc6 14. Ba4
Qxb3 15. Bxb3 O-O 16. Bd2 c5 17. dxc5 Bxc5 18. Bc3 f6 19. Rfe1 Bg6 20. Rac1 Bb6
21. Ba4 Be8 22. Bb3 Bg6 23. Bb4 Rfd8 24. Be7 Re8 25. Bb4 Red8 26. Ba4 Be8 27.
Rxc8 Rxc8 28. Bxe8 Rxe8 29. Rc1 e5 30. Kf1 d4 31. exd4 exd4 32. Rd1 Kf7 33. b3
Re6 34. h3 f5 35. Ba3 Re4 36. b4 1/2-1/2

[Event "Memorial Aldo Basile B"]
[Site "Napoli ITA"]
[Date "2007.06.29"]
[Round "4"]
[White "Caporali, Dante"]
[Black "Di Gennaro, Antonio"]
[Result "0-1"]
[WhiteElo "1595"]
[BlackElo "1574"]
[PlyCount "74"]
[EventDate "2007.06.07"]

1. d4 Nf6 2. c4 e6 3. Nc3 Bb4 4. e3 b6 5. Nge2 Ba6 6. a3 Bxc3+ 7. Nxc3 d5 8.
Qa4+ Qd7 9. Qxd7+ Nbxd7 10. b3 dxc4 11. bxc4 O-O 12. Be2 Rfc8 13. Bb2 c5 14. d5
exd5 15. cxd5 Bxe2 16. Kxe2 Ne8 17. Rhd1 f5 18. Rac1 b5 19. d6 Rc6 20. Nd5 Rxd6
21. Ne7+ Kf7 22. Nxf5 Rxd1 23. Rxd1 Nb6 24. Rd2 a5 25. e4 c4 26. Nd6+ Nxd6 27.
Rxd6 Rb8 28. Bc3 b4 29. axb4 axb4 30. Bd4 b3 31. Kd2 b2 32. Kc2 b1=Q+ 33. Kxb1
Nc8+ 34. Kc2 Nxd6 35. Be5 Rd8 36. f3 Nb5 37. h4 Ra8 0-1

[Event "Memorial Aldo Basile B"]
[Site "Napoli ITA"]
[Date "2007.06.29"]
[Round "4"]
[White "Cicero, Leonardo"]
[Black "Nacciarone, Guido"]
[Result "0-1"]
[WhiteElo "1326"]
[BlackElo "1258"]
[PlyCount "100"]
[EventDate "2007.06.07"]

1. e4 e5 2. Nf3 Nc6 3. Bb5 d6 4. h3 Nf6 5. Nc3 a6 6. Ba4 Be7 7. d4 b5 8. Bb3
exd4 9. Nxd4 Nxd4 10. Qxd4 O-O 11. Qe3 Bb7 12. O-O Nd7 13. a3 Nc5 14. Ba2 Bf6
15. b3 Bxc3 16. Qxc3 Nxe4 17. Qf3 Rb8 18. b4 Nd2 19. Qg4 Nxf1 20. Bh6 Qf6 21.
Rxf1 Qg6 22. Bg5 h6 23. Be7 Qxg4 24. hxg4 Rfe8 25. Bh4 Re2 26. Bb3 Rbe8 27. c3
Re1 28. f3 Rxf1+ 29. Kxf1 Re5 30. Bd8 c5 31. Kf2 cxb4 32. cxb4 Bd5 33. Bc2 Re8
34. Bh4 Ba8 35. g5 hxg5 36. Bxg5 g6 37. g4 d5 38. Be3 Bb7 39. Ke2 d4 40. Be4
Bxe4 41. fxe4 dxe3 42. Kxe3 Kg7 43. g5 f6 44. gxf6+ Kxf6 45. Kf4 g5+ 46. Ke3 g4
47. Kf4 g3 48. Kxg3 Rxe4 49. Kf3 Kf5 50. Kg3 Re3+ 0-1

[Event "Memorial Aldo Basile B"]
[Site "Napoli ITA"]
[Date "2007.06.29"]
[Round "4"]
[White "De Meo, Guido"]
[Black "Borrelli, Salvatore"]
[Result "1/2-1/2"]
[WhiteElo "1784"]
[BlackElo "1617"]
[PlyCount "53"]
[EventDate "2007.06.07"]

1. c4 c6 2. g3 d5 3. cxd5 cxd5 4. d4 Nf6 5. Bg2 Bf5 6. Nc3 Nc6 7. e3 e6 8. Nf3
Be7 9. Nh4 Bg4 10. Qb3 Rb8 11. O-O O-O 12. Nf3 Bf5 13. Ne1 b5 14. Qd1 b4 15.
Na4 Na5 16. b3 Nb7 17. Nd3 Ne4 18. Bb2 Rc8 19. Rc1 Rxc1 20. Nxc1 Qa5 21. f3 Nf6
22. Nd3 Rc8 23. Qe2 Qb5 24. Rd1 h6 25. Qd2 Bxd3 26. Qxd3 Qxd3 27. Rxd3 1/2-1/2

[Event "Memorial Aldo Basile B"]
[Site "Napoli ITA"]
[Date "2007.06.29"]
[Round "4"]
[White "Della Pietra, Antonio"]
[Black "D'Errico, Francesco"]
[Result "1-0"]
[WhiteElo "1611"]
[BlackElo "1667"]
[PlyCount "39"]
[EventDate "2007.06.07"]

1. e4 e6 2. Nf3 d5 3. exd5 exd5 4. d4 Bd6 5. Nc3 c6 6. Bd3 Ne7 7. Ng5 h6 8. Qh5
Rf8 9. Nf3 Qc7 10. O-O Nd7 11. Re1 Nf6 12. Qh4 Nfg8 13. Ne5 Be6 14. Bd2 O-O-O
15. a3 f6 16. Nxc6 Nxc6 17. Rxe6 g5 18. Qg4 Bxh2+ 19. Kh1 Bf4 20. Rxc6+ 1-0

[Event "Memorial Aldo Basile B"]
[Site "Napoli ITA"]
[Date "2007.06.29"]
[Round "4"]
[White "Franzese, Luigi"]
[Black "Bellame, Nestore"]
[Result "0-1"]
[WhiteElo "1655"]
[BlackElo "1565"]
[PlyCount "158"]
[EventDate "2007.06.07"]

1. Nf3 Nc6 2. g3 e5 3. e4 d6 4. Bg2 Bg4 5. h3 Bh5 6. d3 h6 7. Nbd2 Qf6 8. c3
O-O-O 9. b4 d5 10. b5 Nb8 11. O-O Bc5 12. exd5 Ne7 13. Ne4 Qb6 14. Nxc5 Qxc5
15. Qb3 f6 16. Be3 Qd6 17. c4 Nd7 18. Nd2 Nc5 19. Bxc5 Qxc5 20. Ne4 Qd4 21. a4
f5 22. Nd2 e4 23. a5 e3 24. Nf3 exf2+ 25. Kh2 Bxf3 26. Bxf3 f4 27. g4 Qe3 28.
Qd1 Ng6 29. Qe2 Qd4 30. Qe6+ Kb8 31. Qxg6 Rde8 32. Be4 Qe3 33. Qh5 Qg3+ 34. Kh1
Re5 35. g5 Rxg5 36. Qf3 Qh4 37. Qxf2 Rg3 38. Bg2 f3 39. Rg1 Rxh3+ 40. Bxh3 Qxf2
41. Raf1 Qe3 42. Rg3 Rf8 43. Bg4 Qxd3 44. Rgxf3 Rxf3 45. Rxf3 Qd1+ 46. Kg2 Qe2+
47. Kg1 Qe7 48. Be6 g5 49. Rf7 Qc5+ 50. Kg2 a6 51. b6 cxb6 52. axb6 Qxb6 53.
Rf8+ Ka7 54. Rc8 a5 55. c5 Qb3 56. Rc7 Ka6 57. Bc8 Qxd5+ 58. Kf1 a4 59. c6 Kb6
60. Rxb7+ Kxc6 61. Ra7 Qc4+ 62. Kg2 Kb6 63. Rb7+ Ka5 64. Ra7+ Kb4 65. Bd7 a3
66. Ra4+ Kb3 67. Rxc4 Kxc4 68. Be6+ Kd4 69. Kf3 Ke5 70. Bc4 Kf6 71. Kg4 h5+ 72.
Kxh5 Kf5 73. Bd5 Kf4 74. Bc4 g4 75. Kh4 g3 76. Kh3 Kf3 77. Bd5+ Kf2 78. Kg4 g2
79. Bxg2 Kxg2 0-1

[Event "Memorial Aldo Basile B"]
[Site "Napoli ITA"]
[Date "2007.07.05"]
[Round "5"]
[White "Borrelli, Salvatore"]
[Black "Bellame, Nestore"]
[Result "1-0"]
[WhiteElo "1617"]
[BlackElo "1565"]
[PlyCount "99"]
[EventDate "2007.06.07"]

1. d4 d5 2. Bf4 e6 3. e3 Bd6 4. Bg3 Bxg3 5. hxg3 Nc6 6. Nf3 Nf6 7. c4 a6 8. Nc3
Qe7 9. Be2 Qb4 10. a3 Qxb2 11. Na4 Qxa1 12. Qxa1 h6 13. Nc3 Bd7 14. Qb1 Rb8 15.
O-O O-O 16. Qa2 Ne7 17. Ne5 dxc4 18. Nxd7 Nxd7 19. Qxc4 c6 20. Qb4 Rfe8 21. Qd6
Nf6 22. Bf3 Nf5 23. Qb4 Ne7 24. Qb3 Red8 25. Na4 Nfd5 26. Nb6 Nf6 27. Rd1 Nf5
28. Qc4 Nd6 29. Qc2 Nb5 30. a4 Nc7 31. Qc5 Nce8 32. e4 Nd7 33. Nxd7 Rxd7 34. d5
Nf6 35. dxe6 Rxd1+ 36. Bxd1 fxe6 37. Qd6 Re8 38. f3 Kf7 39. Bb3 Re7 40. Kf2 Ne8
41. Qf4+ Kg8 42. Qh4 Kf8 43. g4 b5 44. axb5 axb5 45. g5 c5 46. gxh6 gxh6 47.
Qxh6+ Ng7 48. Qf4+ Ke8 49. Qb8+ Kf7 50. Qxb5 1-0

[Event "Memorial Aldo Basile B"]
[Site "Napoli ITA"]
[Date "2007.07.05"]
[Round "5"]
[White "Cicero, Leonardo"]
[Black "Giglio, Achille"]
[Result "0-1"]
[WhiteElo "1326"]
[BlackElo "1720"]
[PlyCount "90"]
[EventDate "2007.06.07"]

1. e4 e5 2. Nf3 Nc6 3. Bb5 Nd4 4. Nxd4 exd4 5. Qh5 Nf6 6. Qe5+ Qe7 7. Qxe7+
Bxe7 8. e5 Nd5 9. O-O O-O 10. Bc4 Nb6 11. Bb3 a5 12. a4 Ra6 13. d3 d5 14. Nd2
c5 15. f4 g6 16. h3 h5 17. Kh2 Kg7 18. c3 dxc3 19. bxc3 Be6 20. Ba3 Nc8 21. Bc2
Rc6 22. Nb3 b6 23. d4 c4 24. Bxe7 Nxe7 25. Nd2 Nf5 26. Rf3 Rb8 27. g4 hxg4 28.
hxg4 Rh8+ 29. Rh3 Rxh3+ 30. Kxh3 Ne3 31. Bd1 Rc8 32. Kh4 Rh8+ 33. Kg5 Rh1 34.
Rb1 Rxd1 35. Rxd1 Nxd1 36. Nb1 Ne3 37. Na3 Bxg4 38. Nc2 Nxc2 39. Kxg4 Na3 40.
f5 Nb1 41. Kg5 Nxc3 42. e6 Ne4+ 43. Kf4 fxe6 44. fxe6 Kf6 45. e7 g5+ 0-1

[Event "Memorial Aldo Basile B"]
[Site "Napoli ITA"]
[Date "2007.07.05"]
[Round "5"]
[White "D'Errico, Francesco"]
[Black "De Meo, Guido"]
[Result "1-0"]
[WhiteElo "1667"]
[BlackElo "1784"]
[PlyCount "61"]
[EventDate "2007.06.07"]

1. d4 d5 2. Nf3 c5 3. c3 e6 4. Bf4 Nc6 5. e3 Nf6 6. Nbd2 Nh5 7. Bg5 Qb6 8. Qb3
Qc7 9. Be2 h6 10. Bh4 g5 11. Bg3 Nxg3 12. hxg3 c4 13. Qc2 Bg7 14. e4 dxe4 15.
Nxe4 Ne7 16. Bxc4 Bd7 17. Nc5 Bc8 18. Bb5+ Nc6 19. Nd3 O-O 20. Bxc6 bxc6 21.
Nc5 f5 22. O-O Re8 23. Rfe1 Bd7 24. Ne5 Bxe5 25. Rxe5 Re7 26. Rae1 Rae8 27. b4
Bc8 28. Qb3 Qd6 29. Rxf5 Kg7 30. Rfe5 Kf6 31. Ne4+ 1-0

[Event "Memorial Aldo Basile B"]
[Site "Napoli ITA"]
[Date "2007.07.05"]
[Round "5"]
[White "Di Gennaro, Antonio"]
[Black "Della Pietra, Antonio"]
[Result "1-0"]
[WhiteElo "1574"]
[BlackElo "1611"]
[PlyCount "122"]
[EventDate "2007.06.07"]

1. e4 e5 2. Nf3 Nc6 3. Bb5 Bc5 4. c3 Nf6 5. O-O d6 6. d4 exd4 7. cxd4 Bb6 8. d5
a6 9. Ba4 Bd7 10. dxc6 bxc6 11. e5 Ng4 12. exd6 O-O 13. Bg5 f6 14. Bf4 cxd6 15.
Bxd6 Re8 16. Bg3 Ba5 17. Na3 Nh6 18. Nc4 Bb4 19. Qb3 Bc5 20. Rad1 Qe7 21. Rfe1
Qf7 22. Rxe8+ Rxe8 23. Qc3 Be6 24. Ncd2 Ba7 25. Qxc6 Rc8 26. Qxa6 Nf5 27. Bb3
Re8 28. Re1 Bxf2+ 29. Kxf2 Bxb3 30. Rxe8+ Qxe8 31. Qe2 Qxe2+ 32. Kxe2 Bxa2 33.
b4 Nd6 34. Nd4 Nb7 35. Bc7 Kf8 36. N2b3 Ke7 37. Kd2 Bb1 38. Ke3 Kd7 39. Bf4 f5
40. Nd2 Ba2 41. Nxf5 g6 42. Nd4 Bd5 43. Kf2 Nd8 44. Kg3 Ke7 45. Bg5+ Kd7 46.
Bxd8 Kxd8 47. Kh3 Kd7 48. g3 Kd6 49. Kg4 Ke7 50. Kg5 Kf7 51. N2f3 Kg7 52. Ne5
Bb7 53. Ne6+ Kg8 54. Kf6 Ba8 55. b5 Bb7 56. b6 Ba8 57. Ke7 Bb7 58. Kd6 Ba8 59.
Kc7 Bd5 60. Kb8 g5 61. Nc7 Be4 1-0

[Event "Memorial Aldo Basile B"]
[Site "Napoli ITA"]
[Date "2007.07.05"]
[Round "5"]
[White "Isoldo, Salvatore"]
[Black "Franzese, Luigi"]
[Result "0-1"]
[WhiteElo "1600"]
[BlackElo "1655"]
[PlyCount "102"]
[EventDate "2007.06.07"]

1. e4 Nf6 2. Nc3 Nc6 3. d4 d6 4. Bb5 a6 5. Bxc6+ bxc6 6. Nf3 Bg4 7. O-O e5 8.
dxe5 dxe5 9. Qxd8+ Rxd8 10. Nxe5 Bd7 11. Be3 Bd6 12. Nxd7 Rxd7 13. f4 Ng4 14.
Ba7 O-O 15. e5 Bb4 16. Ne4 Rfd8 17. c3 Be7 18. Bd4 f5 19. h3 fxe4 20. hxg4 c5
21. Bf2 Rd2 22. Rfe1 Rxb2 23. Rad1 Rd3 24. Rxd3 exd3 25. Rd1 c4 26. Be3 Rxa2
27. Rd2 Ra3 28. Rb2 Rb3 29. Ra2 Rxc3 30. Rxa6 Rc2 31. e6 h6 32. Ra8+ Kh7 33.
Re8 Bd6 34. e7 Bxe7 35. Rxe7 d2 36. Bxd2 Rxd2 37. Rxc7 Rd4 38. g5 Rxf4 39. gxh6
Kxh6 40. Rc5 g5 41. Rc6+ Kh5 42. Rc5 Kg4 43. Kh2 Rd4 44. Rc6 Kf4 45. Rf6+ Ke3
46. Kg3 c3 47. Rf3+ Kd2 48. Rf2+ Kd3 49. Rf3+ Kc4 50. Rf8 c2 51. Rc8+ Kd3 0-1

[Event "Memorial Aldo Basile B"]
[Site "Napoli ITA"]
[Date "2007.07.05"]
[Round "5"]
[White "Nacciarone, Guido"]
[Black "Lombardo, Claudio"]
[Result "0-1"]
[WhiteElo "1258"]
[BlackElo "1721"]
[PlyCount "38"]
[EventDate "2007.06.07"]

1. e4 c5 2. Nf3 e6 3. d4 cxd4 4. Nxd4 Nf6 5. Nc3 d6 6. Bc4 a6 7. Bg5 Be7 8. Qf3
Qc7 9. Bb3 Nc6 10. Nxc6 Qxc6 11. O-O O-O 12. Rfe1 b5 13. a3 Bb7 14. Qg3 Qc7 15.
Re3 Nh5 16. Qg4 g6 17. Bxe6 Bxg5 18. Bxf7+ Qxf7 19. Rf3 Qe7 0-1

[Event "Memorial Aldo Basile B"]
[Site "Napoli ITA"]
[Date "2007.07.05"]
[Round "5"]
[White "Perelli, Giuseppe"]
[Black "Caporali, Dante"]
[Result "0-1"]
[WhiteElo "1404"]
[BlackElo "1595"]
[PlyCount "80"]
[EventDate "2007.06.07"]

1. d4 Nf6 2. Nf3 e6 3. c4 d5 4. cxd5 Nxd5 5. e4 Nb6 6. Bd3 Be7 7. O-O O-O 8. b3
c5 9. e5 Nc6 10. Bb2 cxd4 11. Bxd4 Nxd4 12. Nxd4 Bd7 13. Nd2 a6 14. N2f3 Nd5
15. Be4 Nc3 16. Qc2 Nxe4 17. Qxe4 Qb6 18. Rfc1 Rac8 19. Rxc8 Rxc8 20. Nd2 Bc5
21. Nc4 Qa7 22. Rd1 b5 23. Nd6 Bxd6 24. exd6 Qc5 25. Ne2 Qc2 26. Qxc2 Rxc2 27.
Nd4 Rc5 28. Nf3 Kf8 29. b4 Rc8 30. Ne5 Ke8 31. f4 f6 32. Nf3 Rc4 33. a3 Rxf4
34. Kf2 Rc4 35. h3 e5 36. g4 Rc3 37. Ne1 Rxa3 38. Nc2 Rxh3 39. Ne3 Rh2+ 40. Ng2
Bxg4 0-1

[Event "Memorial Aldo Basile B"]
[Site "Napoli ITA"]
[Date "2007.07.19"]
[Round "6"]
[White "Bellame, Nestore"]
[Black "Cicero, Leonardo"]
[Result "1-0"]
[WhiteElo "1565"]
[BlackElo "1326"]
[PlyCount "63"]
[EventDate "2007.06.07"]

1. e4 c5 2. Nf3 d6 3. Bc4 Nf6 4. Nc3 a6 5. a3 Nc6 6. d3 e6 7. O-O Be7 8. h3 O-O
9. Be3 Qb6 10. Rb1 Bd7 11. Nh2 Qd8 12. f4 b5 13. Ba2 Qc7 14. Qf3 b4 15. Ne2 a5
16. Ng3 g6 17. f5 Ne5 18. Qe2 exf5 19. exf5 Nd5 20. Bxd5 Rab8 21. Ng4 Bh4 22.
Nxe5 dxe5 23. Qg4 Qd8 24. Bc4 h5 25. Qxg6+ Kh8 26. Bxf7 Rb6 27. Qxh5+ Kg7 28.
Bg6 Rh8 29. Qg4 Ba4 30. Nh5+ Kf8 31. Bxc5+ Rd6 32. Bxd6+ 1-0

[Event "Memorial Aldo Basile B"]
[Site "Napoli ITA"]
[Date "2007.07.19"]
[Round "6"]
[White "Borrelli, Salvatore"]
[Black "Di Gennaro, Antonio"]
[Result "1-0"]
[WhiteElo "1617"]
[BlackElo "1574"]
[PlyCount "73"]
[EventDate "2007.06.07"]

1. d4 Nf6 2. Nf3 e6 3. e3 b6 4. Nbd2 Bb7 5. Bd3 d5 6. O-O c5 7. b3 Be7 8. Bb2
Nbd7 9. Ne5 Nxe5 10. dxe5 Nd7 11. Qg4 O-O 12. f4 f5 13. exf6 Nxf6 14. Qxe6+ Kh8
15. Qh3 Ne4 16. Rad1 Qe8 17. Nxe4 dxe4 18. Bc4 Bf6 19. Bxf6 Rxf6 20. Qd7 Qxd7
21. Rxd7 Bc6 22. Rd2 Re8 23. Rfd1 Rff8 24. a4 g6 25. Bb5 Bxb5 26. axb5 Rf7 27.
Rd8 Rxd8 28. Rxd8+ Kg7 29. Re8 Rd7 30. c4 Rd3 31. Rxe4 Rxb3 32. Kf2 Rd3 33.
Re7+ Kh6 34. g4 Ra3 35. Kg3 g5 36. fxg5+ Kxg5 37. Re6 1-0